000 00370nam a22001097a 4500
082 _a613.7
_bG221
100 1 _aGatchalian, Emmer H.
245 4 _aThe Level of performance in physical fitness of first year students of University of Rizal System-Morong
260 _aMorong,Rizal
_b[publisher not identified]
_c2002
300 _a48 leaves :
_billustrations ; 28 cm.
942 _cT
999 _c147
_d147